000 00298nam a2200121 a 4500
008 101022s1957|||| d
245 1 0 _aPánska lumpačka
044 _axo
_cSK
041 _aslo
100 1 _aMóricz, Zsigmond
260 _bSlovenský spisovateľ
_aBratislava
_c1957
020 _c11,40
999 _c12078
_d12078